| 000 | 00706nam a2200217 a 4500 | ||
|---|---|---|---|
| 005 | 20250620063857.0 | ||
| 008 | 040119s2000 mx r 000 0 spa d | ||
| 020 | _a8436805291 | ||
| 035 | _aUPN01000131400 | ||
| 049 | _aCG | ||
| 050 | 4 |
_aRJ505 B4 _bM6.2 |
|
| 245 | 0 | 0 |
_aModificación de conducta con niños y adolescentes : _blibro de casos / _ccoord. Francisco Xavier Méndez. |
| 260 |
_aMadrid : _bPirámide, _c2000. |
||
| 300 |
_a487 p. : _bcuadros |
||
| 440 | 0 | _aPsicología | |
| 650 | 4 | _aTERAPIA CONDUCTUAL PARA NIÑOS | |
| 650 | 4 |
_aTERAPIA CONDUCTUAL PARA ADOLESCENTES _915963 |
|
| 650 | 2 |
_aModificación de la conducta _99956 |
|
| 700 | 1 |
_aMéndez, Francisco Xavier, _ecoord. |
|
| 905 | _aLibro | ||
| 999 |
_c103555 _d103555 |
||